000 01114cam a2200373 4500
008 090401t1994 xxu||||| |||| 00| 0 eng d
020 _a0854066675
035 _a(Sirsi) u60998
041 _aeng
050 _a692.5023
090 _aRICS 1994/68ABCD
100 _aKeel, David.
245 _aClients' value systems: a scoping study.
260 _aLondon
_bRICS
_c1994
300 _a51p. : 30cm.
350 _a9.95
520 _aLeeds Metropolitan University and E.C. Harris commissioned by RICS to undertake this study.
650 _aASSESSMENTS
650 _aCLIENT REQUIREMENTS
650 _aCLIENT SATISFACTION
650 _aCLIENT VALUE SYSTEMS
650 _aPERFORMANCE
650 _aBUILT ENVIRONMENT-QUANTITY SURVEYING
650 _aVALUE SYSTEMS
690 _aQuantity surveying
_96263
700 _aDouglas, Ian.
700 _aColeman, Michael
700 _aBrooks, Keith.
710 _aRoyal Institution of Chartered Surveyors
_94900
710 _aLeeds Metropolitan University.
_91677
710 _aE.C. Harris and Partners
_92138
942 _n0
948 _c04/03/1997
999 _c94279
_d94279